Cycling: Julian Alaphilippe WT Wins - Statistics

General Stats
  • This quiz has been taken 35 times
  • The average score is 19 of 26
Answer Stats
Year Team Clue Asnwer % Correct
2018 Quick-Step Floors Stage Tour de France
100%
2018 Quick-Step Floors Stage Tour de France
100%
2019 Deceuninck - Quick Step Stage Tour de France
100%
2019 Deceuninck - Quick Step Time Trial Tour de France
100%
2020 Deceuninck - Quick Step Stage Tour de France
100%
2021 Deceuninck - Quick Step Stage Tour de France
100%
2024 Soudal Quick-Step Stage Giro d'Italia
94%
2017 Quick-Step Floors Stage Vuelta a España
85%
2018 Quick-Step Floors Classic La Flèche Wallonne
79%
2019 Deceuninck - Quick Step Classic La Flèche Wallonne
79%
2021 Deceuninck - Quick Step Classic La Flèche Wallonne
79%
2017 Quick-Step Floors Time Trial Paris-Nice
74%
2019 Deceuninck - Quick Step Classic Milan San Remo
71%
2025 Tudor Pro Cycling Team Classic Grand Prix Cycliste de Québec
68%
2019 Deceuninck - Quick Step Classic Strade Bianche
68%
2018 Quick-Step Floors Stage Critérium du Dauphiné
62%
2019 Deceuninck - Quick Step Stage Critérium du Dauphiné
62%
2023 Soudal Quick-Step Stage Critérium du Dauphiné
62%
2019 Deceuninck - Quick Step Stage Tirreno-Adriatico
62%
2019 Deceuninck - Quick Step Stage Tirreno-Adriatico
62%
2021 Deceuninck - Quick Step Stage Tirreno-Adriatico
62%
2018 Quick-Step Floors Classic Clasica Ciclista San Sebastian
41%
2018 Quick-Step Floors Stage Itzulia Basque Country
38%
2018 Quick-Step Floors Stage Itzulia Basque Country
38%
2019 Deceuninck - Quick Step Stage Itzulia Basque Country
38%
2022 Quick-Step Alpha Vinyl Team Stage Itzulia Basque Country
38%
No matching quizzes found
Score Distribution
Percent of People with Each Score
Percentile by Number Answered
Your Score History
You have not taken this quiz